| 000 | 06352 a2200733 4500 | ||
|---|---|---|---|
| 003 | Nust | ||
| 005 | 20170207164553.0 | ||
| 010 | _a 2006100601 | ||
| 020 | _a0080549071 (e-book) | ||
| 020 | _a9780080549071 (e-book) | ||
| 020 | _a978-0-12-373580-5 | ||
| 035 | _a(EBZ)ebs350795e | ||
| 035 | _a(EBZ)ebs350795e | ||
| 035 | _a(WaSeSS)ssj0000272594 | ||
| 035 | _a(WaSeSS)ssj0000272594 | ||
| 035 | _a(WaSeSS)ssj0000272594 | ||
| 035 | _a(WaSeSS)ssj0000272594 | ||
| 035 | _a(WaSeSS)ssj0000272594 | ||
| 035 | _a(WaSeSS)ssj0000272594 | ||
| 035 | _a(WaSeSS)ssj0000272594 | ||
| 040 | _cNust | ||
| 082 | 0 | 0 | _a621.3821 |
| 100 | 1 | _aGarg, Vijay Kumar, | |
| 245 | 1 | 0 |
_aWireless communications and networking (E Book) _h[Elektronisk resurs] / _cVijay K. Garg |
| 256 | _aText | ||
| 260 |
_aSan Francisco, Calif. : _bMorgan Kaufmann ; _aOxford : _bElsevier Science [distributor], _c2007 |
||
| 300 |
_axxvii, 821 p. : _bill. |
||
| 440 | 4 | _aThe Morgan Kaufmann series in networking | |
| 500 | _aE BOOK | ||
| 650 | 7 | _aTelecommunication engineering. | |
| 650 | 7 | _aTr�dl�s kommunikation | |
| 650 | 7 | _aWireless communication systems | |
| 650 | 7 | _aWireless communication systems. | |
| 650 | 7 | _aWireless LANs | |
| 650 | 7 | _aWireless LANs. | |
| 655 | 7 | _aElectronic books. | |
| 856 | 4 | 0 | _uhttp://costello.pub.hb.se/login?url=http://site.ebrary.com/lib/boras/Top?id=10188221 |
| 856 | 4 | 0 | _uhttp://db.ub.oru.se/login?url=http://site.ebrary.com/lib/universitetsbiblioteket/Top?id=10188221 |
| 856 | 4 | 0 | _uhttp://ezproxy.bib.hh.se/login?url=http://site.ebrary.com/lib/halmstad/Top?id=10188221 |
| 856 | 4 | 0 | _uhttp://ezproxy.its.uu.se/login?url=http://app.knovel.com/web/toc.v/cid:kpWCN00002 |
| 856 | 4 | 0 | _uhttp://ezproxy.its.uu.se/login?url=http://site.ebrary.com/lib/uppsala/Top?id=10188221 |
| 856 | 4 | 0 | _uhttp://link.libris.kb.se/sfxhv?url_ver=Z39.88-2004&ctx_ver=Z39.88-2004&ctx_enc=info:ofi/enc:UTF-8&rfr_id=info:sid/sfxit.com:opac_856&url_ctx_fmt=info:ofi/fmt:kev:mtx:ctx&sfx.ignore_date_threshold=1&rft.object_id=1000000000364037&svc_val_fmt=info:ofi/fmt:kev:mtx:sch_svc& |
| 856 | 4 | 0 | _uhttp://link.libris.kb.se/sfxprv?url_ver=Z39.88-2004&ctx_ver=Z39.88-2004&ctx_enc=info:ofi/enc:UTF-8&rfr_id=info:sid/sfxit.com:opac_856&url_ctx_fmt=info:ofi/fmt:kev:mtx:ctx&sfx.ignore_date_threshold=1&rft.object_id=1000000000364037&svc_val_fmt=info:ofi/fmt:kev:mtx:sch_svc& |
| 856 | 4 | 0 | _uhttp://link.libris.kb.se/sfxrb?url_ver=Z39.88-2004&ctx_ver=Z39.88-2004&ctx_enc=info:ofi/enc:UTF-8&rfr_id=info:sid/sfxit.com:opac_856&url_ctx_fmt=info:ofi/fmt:kev:mtx:ctx&sfx.ignore_date_threshold=1&rft.object_id=1000000000364037&svc_val_fmt=info:ofi/fmt:kev:mtx:sch_svc& |
| 856 | 4 | 0 | _uhttp://link.sub.su.se/sfxsub?url_ver=Z39.88-2004&ctx_ver=Z39.88-2004&ctx_enc=info:ofi/enc:UTF-8&rfr_id=info:sid/sfxit.com:opac_856&url_ctx_fmt=info:ofi/fmt:kev:mtx:ctx&sfx.ignore_date_threshold=1&rft.object_id=1000000000364037&svc_val_fmt=info:ofi/fmt:kev:mtx:sch_svc& |
| 856 | 4 | 0 | _uhttp://miman.bib.bth.se/login?url=http://site.ebrary.com/lib/bthbib/Top?id=10188221 |
| 856 | 4 | 0 | _uhttp://proxy.lib.chalmers.se/login?url=http://app.knovel.com/web/toc.v/cid:kpWCN00002 |
| 856 | 4 | 0 | _uhttp://proxy.lib.chalmers.se/login?url=http://site.ebrary.com/lib/chalmers/Top?id=10188221 |
| 856 | 4 | 0 | _uhttp://proxy.lib.chalmers.se/login?url=http://www.engineeringvillage.com/controller/servlet/OpenURL?genre=book&isbn=9780123735805 |
| 856 | 4 | 0 | _uhttp://proxy.lib.chalmers.se/login?url=http://www.sciencedirect.com/science/book/9780123735805 |
| 856 | 4 | 0 | _uhttp://proxy.lib.ltu.se/login?url=http://site.ebrary.com/lib/lulea/Top?channelName=lulea&cpage=1&docID=10188221 |
| 856 | 4 | 0 | _uhttp://proxy.lib.ltu.se/login?url=http://www.engineeringvillage.com/controller/servlet/Controller |
| 856 | 4 | 0 | _uhttp://proxy.lib.ltu.se/login?url=http://www.sciencedirect.com/science/book/9780123735805 |
| 856 | 4 | 0 | _uhttp://sfxeu05.hosted.exlibrisgroup.com/46LUB?url_ver=Z39.88-2004&ctx_ver=Z39.88-2004&ctx_enc=info:ofi/enc:UTF-8&rfr_id=info:sid/sfxit.com:opac_856&url_ctx_fmt=info:ofi/fmt:kev:mtx:ctx&sfx.ignore_date_threshold=1&rft.object_id=1000000000364037&svc_val_fmt=info:ofi/fmt:kev:mtx:sch_svc& |
| 856 | 4 | 0 | _uhttp://sfxeu10.hosted.exlibrisgroup.com/sfxjon/?url_ver=Z39.88-2004&ctx_ver=Z39.88-2004&ctx_enc=info:ofi/enc:UTF-8&rfr_id=info:sid/sfxit.com:opac_856&url_ctx_fmt=info:ofi/fmt:kev:mtx:ctx&sfx.ignore_date_threshold=1&rft.object_id=1000000000364037&svc_val_fmt=info:ofi/fmt:kev:mtx:sch_svc& |
| 856 | 4 | 0 | _uhttp://sfxeu10.hosted.exlibrisgroup.com/sfxkth?url_ver=Z39.88-2004&ctx_ver=Z39.88-2004&ctx_enc=info:ofi/enc:UTF-8&rfr_id=info:sid/sfxit.com:opac_856&url_ctx_fmt=info:ofi/fmt:kev:mtx:ctx&sfx.ignore_date_threshold=1&rft.object_id=1000000000364037&svc_val_fmt=info:ofi/fmt:kev:mtx:sch_svc& |
| 856 | 4 | 0 | _uhttp://sfxeu11.hosted.exlibrisgroup.com/mah?url_ver=Z39.88-2004&ctx_ver=Z39.88-2004&ctx_enc=info:ofi/enc:UTF-8&rfr_id=info:sid/sfxit.com:opac_856&url_ctx_fmt=info:ofi/fmt:kev:mtx:ctx&sfx.ignore_date_threshold=1&rft.object_id=1000000000364037&svc_val_fmt=info:ofi/fmt:kev:mtx:sch_svc& |
| 856 | 4 | 0 | _uhttp://sfxeu11.hosted.exlibrisgroup.com/sfxmiu/?url_ver=Z39.88-2004&ctx_ver=Z39.88-2004&ctx_enc=info:ofi/enc:UTF-8&rfr_id=info:sid/sfxit.com:opac_856&url_ctx_fmt=info:ofi/fmt:kev:mtx:ctx&sfx.ignore_date_threshold=1&rft.object_id=1000000000364037&svc_val_fmt=info:ofi/fmt:kev:mtx:sch_svc& |
| 856 | 4 | 0 | _uhttp://sfxeu11.hosted.exlibrisgroup.com/sfxslub?url_ver=Z39.88-2004&ctx_ver=Z39.88-2004&ctx_enc=info:ofi/enc:UTF-8&rfr_id=info:sid/sfxit.com:opac_856&url_ctx_fmt=info:ofi/fmt:kev:mtx:ctx&sfx.ignore_date_threshold=1&rft.object_id=1000000000364037&svc_val_fmt=info:ofi/fmt:kev:mtx:sch_svc& |
| 856 | 4 | 0 | _uhttp://sfxeu11.hosted.exlibrisgroup.com/sfxumub?url_ver=Z39.88-2004&ctx_ver=Z39.88-2004&ctx_enc=info:ofi/enc:UTF-8&rfr_id=info:sid/sfxit.com:opac_856&url_ctx_fmt=info:ofi/fmt:kev:mtx:ctx&sfx.ignore_date_threshold=1&rft.object_id=1000000000364037&svc_val_fmt=info:ofi/fmt:kev:mtx:sch_svc& |
| 856 | 4 | 0 | _uhttp://www.du.se/proxy.aspx?url=http://site.ebrary.com/lib/dalarna/Top?id=10188221 |
| 856 | 4 | 0 | _uhttps://login.bibproxy.kau.se:8443/login?url=http://site.ebrary.com/lib/kaubib/Top?channelName=kaubib&cpage=1&docID=10188221 |
| 856 | 4 | 0 | _uhttps://lt.ltag.bibl.liu.se/login?URL=http://www.dawsonera.com/depp/reader/protected/external/AbstractView/S9780080549071 |
| 942 |
_2ddc _cBK |
||
| 999 |
_c209379 _d209379 |
||